Teleturnieje - Statystyki

Ogólne statystyki
  • Ten quiz został rozwiązany 1 074 razy
  • Średni wynik to 8 z 15
Statystyki odpowiedzi
Lata emisji Prowadzący Wskazówka Nazwa % Poprawnych
1999-2003; 2008-2010; 2017-teraz Hubert Urbański Format brytyjski. Znany z wysokości głównej nagrody. Ulubiony teleturniej autora tego quizu ;-) "Milionerzy"
98%
1994-teraz Karol Strasburger Znany z żartów prowadzącego. Oryginalna wersja pochodzi z USA "Familiada"
95%
1997-teraz Robert Janowski, Jacek Borkowski, Norbert "Norbi" Dudziuk Najbardziej znany teleturniej muzyczny "Jaka to melodia?"
90%
1992-1998; 2007-2009; 2017-teraz Wojciech Pijanowski, Stanisław Mikulski, Krzysztof Tyniec, Rafał Brzozowski Połączenie gry w ruletkę i wisielca "Koło Fortuny"
88%
1994-teraz Tadeusz Sznuk Przez wielu uważany za najlepszy teleturniej. W oryginalnej wersji grało 15 uczestników "Jeden z dziesięciu"
86%
2002-2005 Krzysztof Ibisz Charakterystycznym elementem gry jest licytacja. Ulubiony teleturniej Kolegi Ignacego "Awantura o kasę"
63%
2017-teraz Paweł Orleański, Maciej Kurzajewski Jeden z uczestników jest oddzielony od gry, gdzie odpowiada na pytania. Przed drugim stoi 12-metrowa struktura "The Wall. Wygraj Marzenia"
49%
2008-2012 Maciej Miecznikowski Celem gry było dokończenie tekstu piosenek "Tak to leciało"
38%
1962-2006 Ryszard Serafinowicz, Joanna Roztocka, Janusz Budzyński, Stanisława Ryster Trzeba było mieć bardzo konkretną wiedzę by cokolwiek osiągnąć w tym teleturnieju "Wielka Gra"
35%
2008-2009 Robert Gonera i Katarzyna Glinka Teleturniej wymagający siły fizycznej. Umiejscowiony na zachodnim wybrzeżu Francji "Fort Boyard"
32%
1993-2004 Janusz Weiss Tytuł był przez jeden rok prawdziwy, gdyż później nastąpiła inflacja i zmniejszono nagrodę główną "Miliard w rozumie"
23%
2002-2004 Henryk Talar, Krzysztof Ibisz Charakterystyczny elementem tego teleturnieju była obecność zapadni "Rosyjska ruletka"
21%
2005-2007 Zygmunt Chajzer Kluczową rolę w grze odgrywały walizki. Początkowo oparty na holenderskich zasadach, lecz później - na amerykańskich "Grasz czy nie grasz"
17%
2000-2002 Krzysztof Ibisz W tym teleturnieju mogłeś odpowiedzieć na pytanie o wartości swoich niespłaconych rachunków "Życiowa Szansa"
12%
2014 Tomasz Kammel i Radosław Kotarski Celem gry było wskazanie odpowiedzi o jak najmniejszej ilości punktów "Tylko ty!"
11%
Nie znaleziono quizów pasujących do podanych kryteriów
Rozkład punktacji
Procent ludzi z każdym wynikiem
Percentyl według liczby udzielonych odpowiedzi
Twoja historia wyników
Nie rozwiązałeś tego quizu